The rise and fall of the great powers : (Record no. 185822)
[ view plain ]
| 000 -LEADER | |
|---|---|
| fixed length control field | 01031 a2200265 4500 |
| 003 - CONTROL NUMBER IDENTIFIER | |
| control field | Nust |
| 005 - DATE AND TIME OF LATEST TRANSACTION | |
| control field | 20230130133725.0 |
| 010 ## - LIBRARY OF CONGRESS CONTROL NUMBER | |
| LC control number | 88040123 |
| 020 ## - INTERNATIONAL STANDARD BOOK NUMBER | |
| International Standard Book Number | 0679720197 : |
| 040 ## - CATALOGING SOURCE | |
| Transcribing agency | Nust |
| 082 00 - DEWEY DECIMAL CLASSIFICATION NUMBER | |
| Classification number | 909.82,KEN |
| 100 1# - MAIN ENTRY--PERSONAL NAME | |
| Personal name | Kennedy, Paul M., |
| 9 (RLIN) | 1495 |
| 245 14 - TITLE STATEMENT | |
| Title | The rise and fall of the great powers : |
| Remainder of title | economic change and military conflict from 1500 to 2000 / |
| Statement of responsibility, etc. | by Paul Kennedy. |
| 250 ## - EDITION STATEMENT | |
| Edition statement | 1st Vintage Books ed. |
| 260 ## - PUBLICATION, DISTRIBUTION, ETC. | |
| Place of publication, distribution, etc. | New York : |
| Name of publisher, distributor, etc. | Vintage Books, |
| Date of publication, distribution, etc. | 1989, c1987. |
| 300 ## - PHYSICAL DESCRIPTION | |
| Extent | xxv, 677 p. : |
| Other physical details | maps ; |
| Dimensions | 21 cm. |
| 505 ## - FORMATTED CONTENTS NOTE | |
| Formatted contents note | Strategy and Economics in the Preindustrial World (Page-3), Strategy and Economics in the Industrial Era (Page-183), Strategy and Economics Today and Tomorrow (Page-447). |
| 650 #0 - SUBJECT ADDED ENTRY--TOPICAL TERM | |
| Topical term or geographic name entry element | Balance of power. |
| 650 #0 - SUBJECT ADDED ENTRY--TOPICAL TERM | |
| Topical term or geographic name entry element | Economic history. |
| 650 #0 - SUBJECT ADDED ENTRY--TOPICAL TERM | |
| Topical term or geographic name entry element | History, Modern. |
| 650 #0 - SUBJECT ADDED ENTRY--TOPICAL TERM | |
| Topical term or geographic name entry element | Military history, Modern. |
| 650 #0 - SUBJECT ADDED ENTRY--TOPICAL TERM | |
| Topical term or geographic name entry element | Military readiness |
| General subdivision | Economic aspects. |
| 856 42 - ELECTRONIC LOCATION AND ACCESS | |
| Materials specified | Publisher description |
| Uniform Resource Identifier | <a href="http://www.loc.gov/catdir/description/random042/88040123.html">http://www.loc.gov/catdir/description/random042/88040123.html</a> |
| 942 ## - ADDED ENTRY ELEMENTS (KOHA) | |
| Source of classification or shelving scheme | |
| Koha item type | Book |
| Withdrawn status | Lost status | Source of classification or shelving scheme | Damaged status | Not for loan | Permanent Location | Current Location | Shelving location | Date acquired | Full call number | Barcode | Date last seen | Price effective from | Koha item type | Public note | Total Checkouts |
|---|---|---|---|---|---|---|---|---|---|---|---|---|---|---|---|
| Military College of Signals (MCS) | Military College of Signals (MCS) | General Stacks | 12/12/2016 | 909.82,KEN | MCS32863 | 12/08/2016 | 12/12/2016 | Book | Almirah No.58, Shelf No.5 | ||||||
| Military College of Signals (MCS) | Military College of Signals (MCS) | General Stacks | 12/12/2016 | 909.82,KEN | MCS36775 | 12/08/2016 | 12/12/2016 | Book | Almirah No.58, Shelf No.5 | ||||||
| Military College of Signals (MCS) | Military College of Signals (MCS) | General Stacks | 01/30/2023 | 909.82,KEN | MCS21633 | 01/30/2023 | 01/30/2023 | Book | Almirah No.58, Shelf No.5 | ||||||
| Military College of Signals (MCS) | Military College of Signals (MCS) | General Stacks | 01/30/2023 | 909.82,KEN | MCS27668 | 01/30/2023 | 01/30/2023 | Book | Almirah No.58, Shelf No.5 |
